[Event "Cht  de  Provence  Individuel"]
[Site "?"]
[Date "2005.??.??"]
[Round "1"]
[White "Jean, Olivier"]
[Black "Burkel, Kevin"]
[Result "0-1"]
[WhiteElo "2187"]
[BlackElo "2061"]
[PlyCount "102"]
[EventDate "2004.??.??"]
[EventRounds "9"]

1. Nf3 Nc6 2. d4 d5 3. Bf4 Bg4 4. e3 e6 5. Nbd2 Bd6 6. h3 Bh5 7. Bb5 Bxf4 8.
exf4 Qd6 9. g4 Bg6 10. Ne5 f6 11. Bxc6+ bxc6 12. Nxg6 hxg6 13. Qf3 c5 14. dxc5
Qxc5 15. c4 Rd8 16. O-O dxc4 17. Ne4 Qb6 18. Rad1 Ne7 19. Rxd8+ Kxd8 20. Rd1+
Kc8 21. Nc3 Qc6 22. Qxc6 Nxc6 23. Kg2 Rd8 24. Rxd8+ Kxd8 25. Kf3 Kd7 26. Nb5
Nb4 27. Na3 Nxa2 28. Nxc4 Nb4 29. Ke4 Nd5 30. f5 gxf5+ 31. gxf5 Nb6 32. Ne3 e5
33. h4 Kc6 34. h5 Nc8 35. Kd3 Nd6 36. f3 Kc5 37. Kc3 a5 38. Kd3 c6 39. Kc3 Kb5
40. Kd3 Kb4 41. Kc2 a4 42. Kc1 Kb3 43. Kb1 Nc4 44. Ng4 Nd2+ 45. Kc1 Nxf3 46. h6
gxh6 47. Nxh6 Nd4 48. Ng4 Nxf5 49. Nxf6 Nd6 50. Nd7 e4 51. Nc5+ Kb4 0-1

[Event "Cht  de  Provence  Individuel"]
[Site "?"]
[Date "2005.??.??"]
[Round "1"]
[White "Busson, Benoist"]
[Black "Chauvet, Jean-Marc"]
[Result "1/2-1/2"]
[WhiteElo "2078"]
[BlackElo "2050"]
[Annotator "Busson,Benoist"]
[PlyCount "129"]
[EventDate "2004.??.??"]
[EventRounds "9"]

1. e4 e6 2. d4 d5 3. Nc3 Nf6 4. e5 Ne4 5. Nxe4 (5. Bd3 $5 Nxc3 (5... Bb4 $6 6.
Qg4 g6 (6... Nxc3 7. Qxg7 Rf8 8. a3 Ba5 9. Bd2 $16) 7. Bxe4 $16) 6. bxc3 c5 $11
) (5. Nce2 $5 f6 6. f3 Ng5 7. exf6 Qxf6 8. Be3 $13) 5... dxe4 6. Be3 (6. Bc4 $5
{est une autre possibilité intéressante} a6 7. a4 b6 8. Ne2 Bb7 9. O-O c5 10.
c3 $14) 6... c5 7. dxc5 Nd7 8. Qd4 (8. Qg4 {est le coup recommandé dans le NCO,
ainsi que par le conducteur des noirs, aprés la partie.} Nxc5 (8... Nxe5 9.
Qxe4 $14 {d'aprés Fritz.}) 9. Bb5+ Nd7 10. Ne2 Qa5+ 11. Nc3 a6 12. Bxd7+ Bxd7
13. Bd4 (13. Qg3 $5)) 8... Bxc5 9. Qxe4 Bxe3 10. Qxe3 Qa5+ (10... Qc7 11. Nf3
Qxc2 12. Qd4 $14) 11. c3 Qxe5 {(=). Ce que je refuse, à la vue du petit
avantage en finale que représente le 3 vs 2 de l'aile dame, plus mobile que le
4 vs 3 que les noirs ont sur l'aile roi.} 12. Qxe5 Nxe5 13. Be2 Bd7 14. Nf3
Nxf3+ 15. Bxf3 Ke7 16. O-O-O Rab8 17. Rd4 Rhc8 18. Rhd1 Rc7 19. Rd6 (19. Rg4 g6
20. Rgd4 {pour mettre plus de pions noirs sur cases blanches était peut-être
une bonne idée.}) 19... e5 20. R6d5 f6 21. Rd6 Be6 22. a3 b5 23. Ra6 b4 24.
Rdd6 Bd7 25. axb4 Rxb4 26. Rd5 Bc8 27. Raa5 (27. Rxa7 Rxa7 28. cxb4 {ne me plai
sait pas beaucoup du fait que mes deux pions doublés ont, comme case de
promotion, une case noire, alors que mon fou est de cases blanches.}) 27... Rb6
28. Rdc5 Rxc5 29. Rxc5 Kd8 30. b4 Bb7 31. Bxb7 Rxb7 32. Rd5+ Kc7 33. Kc2 Kc6
34. Rd8 $5 (34. Ra5 $142 {coupe horizontalement l'échiquier.}) 34... a5 35.
bxa5 Ra7 36. Rc8+ Kd5 37. Kb3 $6 {rate la prise de l'avantage!} (37. c4+ $1 Kd4
38. Kb3 Rxa5 39. Rc7 g5 40. Rd7+ Ke4 (40... Kc5 $2 41. Rd5+ $18) 41. Rxh7 $18 {
et je pense que cela devrait permettre un gain blanc assez simple.}) 37... Rxa5
38. Rc7 Rb5+ 39. Kc2 Ra5 40. Kd3 e4+ 41. Ke3 Ra3 42. f3 $6 {
va conduire à la nulle!} (42. Rxg7 Rxc3+ 43. Kf4 Rc2 44. f3 exf3 45. Kxf3 Rc3+
46. Kg4 $16 {était encore possible.}) 42... exf3 43. Kxf3 g5 44. g3 $6 (44. g4
$142) 44... h5 45. h4 Ke5 (45... gxh4 46. gxh4 Ra4 47. c4+ Rxc4 48. Rxc4 Kxc4
49. Kf4 $11) 46. Ke3 Kf5 {(=)} 47. Kf3 Ra5 48. Rc4 Rb5 49. Rb4 Ra5 50. hxg5
fxg5 51. g4+ {? mais heureusement, pas trop quand même!} hxg4+ 52. Rxg4 Rc5 53.
c4 Ra5 54. Rg1 {? mais heureusement, pas trop quand même!} Ra3+ 55. Kg2 Rc3 56.
Ra1 $11 {Position de nulle de Philidor (à ne pas confondre avec la position de
gain de Lucena). Mais Noir veut jouer!} Kg4 57. Ra4 Rc2+ 58. Kg1 Kh3 59. Ra3+
Kh4 60. c5 Rxc5 61. Ra4+ g4 62. Ra3 Rc1+ 63. Kg2 Rc2+ 64. Kg1 g3 65. Ra8
1/2-1/2

[Event "Cht  de  Provence  Individuel"]
[Site "?"]
[Date "2005.??.??"]
[Round "1"]
[White "Metras, Dominique"]
[Black "Trouilleux, Kevin"]
[Result "1/2-1/2"]
[WhiteElo "2045"]
[BlackElo "2127"]
[PlyCount "86"]
[EventDate "2004.??.??"]
[EventRounds "9"]

1. c4 e5 2. g3 Nc6 3. Bg2 g6 4. Nc3 Bg7 5. e4 d6 6. Nge2 Nge7 7. d3 O-O 8. O-O
f5 9. Nd5 h6 10. Rb1 g5 11. f4 exf4 12. gxf4 fxe4 13. Bxe4 Bg4 14. Qe1 Qd7 15.
Ng3 Bh3 16. Rf2 Kh8 17. Be3 Nxd5 18. cxd5 Nd4 19. Qb4 a5 20. Qd2 Qg4 21. Qd1
gxf4 22. Qxg4 Bxg4 23. Rxf4 Rxf4 24. Bxf4 Rf8 25. Be3 h5 26. Kg2 h4 27. h3 Bf3+
28. Bxf3 Rxf3 29. Nf1 Rf5 30. Rc1 c6 31. dxc6 Nxc6 32. Rc4 Rh5 33. Nh2 Bxb2 34.
Nf3 Bf6 35. Bf2 Nb4 36. Rc8+ Kg7 37. Rc7+ Kg6 38. Rxb7 Nxd3 39. Be3 Nb4 40. a4
Nd5 41. Bd2 Nc3 42. Rb6 Ne4 43. Be1 Kf7 1/2-1/2

[Event "Cht  de  Provence  Individuel"]
[Site "?"]
[Date "2005.??.??"]
[Round "1"]
[White "Maruejols, Claude"]
[Black "Saez, Nicolas"]
[Result "0-1"]
[WhiteElo "2046"]
[BlackElo "2023"]
[PlyCount "102"]
[EventDate "2004.??.??"]
[EventRounds "9"]

1. d4 d5 2. c4 e6 3. Nc3 Nf6 4. cxd5 exd5 5. Bg5 Be7 6. e3 O-O 7. Bd3 h6 8. Bf4
c6 9. h3 Be6 10. Nf3 Nbd7 11. g4 Ne8 12. Rg1 Bd6 13. Ne2 c5 14. Bxd6 Nxd6 15.
Nf4 Qa5+ 16. Kf1 c4 17. Bc2 Qb5 18. Rb1 Ne4 19. g5 h5 20. Nh4 a6 21. Bxe4 dxe4
22. d5 c3+ 23. Kg2 c2 24. Qxc2 Bxd5 25. b3 Bc6 26. Kh1 g6 27. a4 Qb4 28. Qe2
Ne5 29. Rgd1 Nf3 30. Nhg2 Rad8 31. Qc2 Qe7 32. b4 Rxd1+ 33. Rxd1 Qxb4 34. Nd5
Bxd5 35. Rxd5 Re8 36. a5 Qa3 37. Qd1 Kg7 38. Nf4 Rc8 39. Ne2 Qe7 40. Qa1+ Kh7
41. Kg2 Nh4+ 42. Kg3 Nf5+ 43. Kf4 Rc2 44. Qd1 Qc7+ 45. Kxe4 Qc4+ 46. Kf3 Nh4+
47. Kg3 Rxe2 48. Rd8 Nf5+ 49. Kf3 Rc2 50. Rb8 Qc6+ 51. e4 Rc3+ 0-1

[Event "Cht  de  Provence  Individuel"]
[Site "?"]
[Date "2005.??.??"]
[Round "1"]
[White "Manganese, Laurent"]
[Black "Deleau, Denis"]
[Result "0-1"]
[WhiteElo "1999"]
[BlackElo "2091"]
[Annotator "Deleau,Denis"]
[PlyCount "54"]
[EventDate "2004.??.??"]
[EventRounds "9"]

1. e4 e5 2. Nf3 Nc6 3. Bb5 a6 4. Ba4 Nf6 5. O-O b5 6. Bb3 Bc5 {[Une variante
intéressante de l'espagnole qui a fait le sujet de pas mal de débats
théoriques, les noirs développent le fou en c5 plutôt que e7 où il sera plus
actif mais perdront un temps aprés d4]} 7. c3 d6 8. d4 Bb6 9. Bg5 h6 10. Bxf6 {
[On recule en général ce fou sur h4]} Qxf6 11. Bd5 Bd7 12. a4 Rb8 13. axb5 axb5
14. dxe5 dxe5 15. Nbd2 (15. Na3 {[sans doute plus actif]} Ne7 16. Ba2 Ng6 17.
Nc2 Bg4 $15) 15... Ne7 16. Bb3 Ng6 17. Qc2 Nf4 18. c4 Bh3 19. g3 (19. c5 Bxg2
20. cxb6 Bxf3 21. Bxf7+ Qxf7 22. Qc6+ Kf8 23. Nxf3 Ne2+ 24. Kg2 Qxf3+ 25. Kxf3
Nd4+ 26. Kg2 Nxc6 27. bxc7 Rc8 28. Rfc1 Nd4 29. Rc5 Kf7 30. Ra7 Rhe8 $19) 19...
Ne2+ 20. Kh1 Nd4 (20... Bxf1 $142 21. Rxf1 O-O {
Mais je ne voulais pas laisser de contre jeu au blancs}) 21. Nxd4 Bxd4 22. cxb5
O-O 23. f4 (23. Rg1 Qxf2 24. Qd3 Be3 $19 {la position blanche est désespérée})
(23. Ra6 Rb6 24. Rxb6 Bxb6 25. Qc6 Qxc6 26. bxc6 Bxf1 27. Nxf1 Bxf2 $19) 23...
Bxf1 24. Rxf1 Rxb5 25. Qxc7 Qb6 26. Qxb6 Rxb6 27. fxe5 Be3 0-1

[Event "Cht  de  Provence  Individuel"]
[Site "?"]
[Date "2005.??.??"]
[Round "2"]
[White "Burkel, Kevin"]
[Black "Deleau, Denis"]
[Result "1/2-1/2"]
[WhiteElo "2061"]
[BlackElo "2091"]
[Annotator "Deleau, Denis"]
[PlyCount "36"]
[EventDate "2004.??.??"]
[EventRounds "9"]

1. d4 g6 2. Nf3 Bg7 3. Bg5 h6 4. Bf4 d6 5. e3 Nd7 6. c3 Ngf6 7. Nbd2 O-O 8. Bc4
c6 9. Qc2 Nd5 $5 {[Ce coup peut paraître curieux, ainsi que le plan à base de
f5 qui va suivre mais les pièges tactiques liés à ce plan me semblaient
intéressant]} 10. Bg3 f5 $5 11. e4 $1 {
[Si les blancs ne jouent pas ce coup Cf6 permet au moins au noirs d'égaliser ]}
(11. O-O N7f6 12. Rfe1 Kh7 13. e4 fxe4 14. Nxe4 Bf5 15. Nxf6+ Nxf6 16. Bd3 Bxd3
17. Qxd3 Nh5 18. Bh4 Bf6 19. Bxf6 Rxf6 20. Re3 e6 21. Rae1 Nf4 22. Qc2 Qd7 23.
Nd2 Nd5 24. R3e2 $11) 11... fxe4 12. Qxe4 Kh7 13. Bd3 $14 (13. Bxd5 Nf6 14. Qe2
Nxd5 15. O-O b5 16. a4 a6 17. axb5 cxb5 18. Rfe1 Bb7 19. Ne4 Qd7 {
La paire de fous  compense la structure de pion}) 13... Rf6 14. O-O (14. Nh4
Nc5 15. dxc5 Re6 16. Qxe6 Bxe6 17. Nxg6 Kg8 18. cxd6 exd6 19. O-O Bf7 20. Nh4 {
Donne une position intéressante ou les 2 pièces ne sont pas inférieures à la
dame}) 14... Nf8 15. Qh4 Bf5 (15... Ne6 $142 16. Rae1 Nef4 17. Bc4 Nh5 18. Ne4
Rf8 $11) 16. Bxf5 (16. Ne4 $142 Ne6 17. Rfe1 (17. Nxf6+ $2 Bxf6 18. Bxf5 Bxh4
19. Bxe6 Bxg3 20. fxg3 Qb6 $15) 17... Nb6 18. Rad1 d5 19. Nfg5+ Nxg5 20. Nxg5+
Kg8 21. Nf3 g5 22. Qh5 Bxd3 23. Rxd3 Qe8 24. Qxe8+ $14 Rxe8 25. Rde3 Rf7 26.
Ne5 Bxe5 27. Rxe5 Kf8 28. Re6 Rf6 29. R6e2 Kf7 {
Et malgré la pression sur e7, les noirs survivent.}) 16... gxf5 17. Qh5 Ng6 (
17... Ne6 $142 $11 {est sans doute meilleur}) 18. Nh4 (18. Ng5+ Kg8 19. Nh3 e5
20. dxe5 dxe5 {Les noirs commencent à prendre l'initiative}) 18... Qf8 {
(=)[Par Tae1 les blancs conservent une légère initiative, mais rien n'estclair]
} 1/2-1/2

[Event "Cht  de  Provence  Individuel"]
[Site "?"]
[Date "2005.??.??"]
[Round "2"]
[White "Saez, Nicolas"]
[Black "Manganese, Laurent"]
[Result "1/2-1/2"]
[WhiteElo "2023"]
[BlackElo "1999"]
[PlyCount "49"]
[EventDate "2004.??.??"]
[EventRounds "9"]

1. e4 c5 2. Nc3 Nc6 3. g3 d6 4. Bg2 g6 5. d3 Bg7 6. Be3 e5 7. Qd2 Nge7 8. Bh6
O-O 9. h4 Bxh6 10. Qxh6 f6 11. Qd2 Nd4 12. Nd5 Nec6 13. c3 Ne6 14. Ne2 Nc7 15.
f4 Nxd5 16. exd5 Ne7 17. h5 Qe8 18. hxg6 Qxg6 19. O-O-O Bg4 20. Rdg1 Rf7 21. c4
Bxe2 22. Qxe2 Rg7 23. Bf3 Nf5 24. Bh5 Nd4 25. Qe3 1/2-1/2

[Event "Cht  de  Provence  Individuel"]
[Site "?"]
[Date "2005.??.??"]
[Round "2"]
[White "Trouilleux, Kevin"]
[Black "Maruejols, Claude"]
[Result "1-0"]
[WhiteElo "2127"]
[BlackElo "2046"]
[PlyCount "59"]
[EventDate "2004.??.??"]
[EventRounds "9"]

1. e4 c5 2. d4 cxd4 3. c3 Nf6 4. e5 Nd5 5. Nf3 Nc6 6. Bc4 Nb6 7. Bb3 d5 8. cxd4
Bf5 9. Nc3 e6 10. Bg5 f6 11. exf6 gxf6 12. Be3 Rg8 13. h3 Qd7 14. Nh4 Bg6 15.
Nxg6 Rxg6 16. Qf3 O-O-O 17. Rc1 Kb8 18. Bc2 Rg8 19. O-O e5 20. Bf5 Qf7 21. Rfd1
Nc4 22. dxe5 N4xe5 23. Bf4 d4 24. Nb5 a6 25. Rxc6 bxc6 26. Nxd4 Kb7 27. Bxe5
fxe5 28. Qxc6+ Ka7 29. Nb5+ axb5 30. Rxd8 1-0

[Event "Cht  de  Provence  Individuel"]
[Site "?"]
[Date "2005.??.??"]
[Round "2"]
[White "Chauvet, Jean-Marc"]
[Black "Metras, Dominique"]
[Result "0-1"]
[WhiteElo "2050"]
[BlackElo "2045"]
[PlyCount "78"]
[EventDate "2004.??.??"]
[EventRounds "9"]

1. e4 c5 2. Nf3 d6 3. d4 cxd4 4. Nxd4 Nf6 5. Nc3 a6 6. Bg5 e6 7. f4 Be7 8. Qf3
Qa5 9. Nb3 Qc7 10. Bd3 b5 11. O-O Bb7 12. f5 e5 13. Bxf6 Bxf6 14. Nd5 Bxd5 15.
exd5 Nd7 16. a4 b4 17. Qe4 Qb6+ 18. Kh1 O-O 19. g4 Bg5 20. Qg2 Rfc8 21. h4 Bxh4
22. g5 Qe3 23. Rf3 Qxg5 24. Qh3 Qh6 25. Rg1 Bg5 26. f6 Qxh3+ 27. Rxh3 h6 28.
fxg7 Kxg7 29. Bf5 Rc7 30. Nd2 Nc5 31. Nf3 f6 32. Nxg5 fxg5 33. c3 Rf8 34. Bb1
bxc3 35. Rxc3 Rf4 36. b3 Rh4+ 37. Kg2 Rg4+ 38. Rg3 Rxg3+ 39. Kxg3 Nxb3 0-1

[Event "Cht  de  Provence  Individuel"]
[Site "?"]
[Date "2005.??.??"]
[Round "2"]
[White "Jean, Olivier"]
[Black "Busson, Benoist"]
[Result "1-0"]
[WhiteElo "2187"]
[BlackElo "2078"]
[Annotator "Jean"]
[PlyCount "53"]
[EventDate "2004.??.??"]
[EventRounds "9"]

1. e4 e5 2. Nf3 d5 $5 {je joue e4 depuis pas longtemps et il est évident que
ce coup fut pour moi une surprise.} 3. Nxe5 (3. exd5 {
est parait-il le coup principal(BUSSON).}) 3... Bd6 4. d4 dxe4 5. Nc4 {
une variante secondaire(BUSSON),exactement ce que je recherchais.} Nf6 6. Nxd6+
$6 (6. Be2) (6. Bg5) 6... Qxd6 7. Be2 Nc6 8. c3 Bf5 (8... Nd5 $1 {est le coup
correct,gardant toutes les options(place du fou,libération du pion f).}) 9. Na3
Nd5 10. g3 $5 O-O-O 11. Nc4 Qe7 12. Ne3 {
le cavalier noir central est le pilier de la position noire.} Bg6 (12... Nxe3
13. Bxe3 $14) 13. Qb3 Nb6 $6 14. a4 Qd6 15. a5 Nd5 16. Nxd5 Qxd5 17. Qxd5 Rxd5
18. b4 Rdd8 $6 (18... a6) 19. b5 Ne7 20. O-O Nd5 21. Ra3 Rhe8 22. Bg4+ (22. c4
Nb4 23. Rb3 Nc2 24. d5 Nd4 $11) (22. Rb3 e3 $1 $13) 22... Kb8 $2 (22... f5 23.
Bh3 e3 $1 24. fxe3 (24. f4 $5 $14) 24... Nxe3 25. Bxe3 Rxe3 26. Bxf5+ Bxf5 27.
Rxf5 Rxd4 $13) 23. b6 $1 axb6 {(=)} 24. c4 $3 f5 (24... Nf6 25. axb6 $1 Nxg4
26. Bf4 $1 {les noirs n'ont plus de défense} Rd6 (26... Rd7 27. Rfa1 $18) (
26... Kc8 27. bxc7 $18) (26... Rxd4 27. Ra8+ $3 Kxa8 28. Bxc7 Rxc4 29. Ra1+ Ra4
30. Rxa4#) 27. bxc7+ Kxc7 (27... Kc8 28. Ra8+) 28. c5 $18) 25. cxd5 fxg4 26.
axb6 cxb6 $2 (26... Rxd5 27. Bf4 Kc8 28. Rc1 $1 Kd7 (28... c6 29. Ra8+ Kd7 30.
Ra7 Kc8 31. Rxc6+ Kd7 (31... bxc6 32. b7+) 32. Rc4 $18) 29. Rxc7+ Ke6 30. Rxb7
Rxd4 31. Rxg7 $18) (26... e3 $5 27. Bxe3 Rxd5 28. Rc1 $1 c6 29. Bf4+ Kc8 30.
Ra8+ Kd7 31. Ra7 Rxd4 32. Rxb7+ Ke6 33. Rxc6+ Kd5 34. Rd6+ Ke4 35. Rxd4+ Kxd4
36. Be3+ Kd5 37. Rxg7 $18) 27. Bf4+ (27. Bf4+ {(c'est mat après} Kc8 28. Rc1+
Kd7 29. Rc7# {)}) 1-0

[Event "Cht  de  Provence  Individuel"]
[Site "?"]
[Date "2005.??.??"]
[Round "3"]
[White "Busson, Benoist"]
[Black "Burkel, Kevin"]
[Result "0-1"]
[WhiteElo "2078"]
[BlackElo "2061"]
[PlyCount "114"]
[EventDate "2004.??.??"]
[EventRounds "9"]

1. d4 Nf6 2. Nc3 d5 3. e4 Nxe4 4. Nxe4 dxe4 5. Bc4 g6 6. c3 Bg7 7. Ne2 O-O 8.
O-O Nd7 9. Qc2 e5 10. Be3 Nb6 11. Bb3 Bf5 12. Rad1 Nd5 13. dxe5 Nxe3 14. Rxd8
Nxc2 15. Rxa8 Rxa8 16. Bxc2 Bxe5 17. Ng3 Bxg3 18. hxg3 Rd8 19. Rd1 Rxd1+ 20.
Bxd1 Be6 21. b3 h5 22. Kf1 Kg7 23. Ke2 Kf6 24. Ke3 Ke5 25. f4+ exf3 26. gxf3 b6
27. a3 g5 28. f4+ gxf4+ 29. gxf4+ Kf5 30. Bxh5 Bxb3 31. Bf3 c5 32. Bc6 Ke6 33.
Bf3 Bc4 34. Be4 Kd6 35. Bf3 Bd5 36. Be2 f6 37. Bb5 Bb3 38. Be8 Bc2 39. Bf7 Bf5
40. Bb3 Kc6 41. a4 b5 42. c4 bxa4 43. Bxa4+ Kb6 44. Be8 Ka5 45. Kd2 Kb4 46. Bf7
Kb3 47. Bh5 Kxc4 48. Be2+ Kb3 49. Kc1 a5 50. Bd1+ Kc3 51. Ba4 Be6 52. Bc2 Bc4
53. Ba4 Bb3 54. Bc6 Bc2 55. Bd5 a4 56. Ba2 a3 57. Be6 Bb3 0-1

[Event "Cht  de  Provence  Individuel"]
[Site "?"]
[Date "2005.??.??"]
[Round "3"]
[White "Metras, Dominique"]
[Black "Jean, Olivier"]
[Result "1/2-1/2"]
[WhiteElo "2045"]
[BlackElo "2187"]
[PlyCount "51"]
[EventDate "2004.??.??"]
[EventRounds "9"]

1. c4 g6 2. g3 Bg7 3. Bg2 e5 4. Nc3 d6 5. e4 Nc6 6. Nge2 Nh6 7. d3 f5 8. O-O
O-O 9. Nd5 Rb8 10. Rb1 Kh8 11. b4 Be6 12. b5 Nd4 13. Nxd4 exd4 14. Bd2 Qd7 15.
Nf4 Bg8 16. Qc1 Ng4 17. exf5 Ne5 18. Rb3 Rxf5 19. Bh3 Rbf8 20. Bxf5 Qxf5 21. h4
Qg4 22. Qd1 Nf3+ 23. Kg2 Nxh4+ 24. Kh2 Nf3+ 25. Kg2 Nh4+ 26. Kh2 1/2-1/2

[Event "Cht  de  Provence  Individuel"]
[Site "?"]
[Date "2005.??.??"]
[Round "3"]
[White "Maruejols, Claude"]
[Black "Chauvet, Jean-Marc"]
[Result "1-0"]
[WhiteElo "2046"]
[BlackElo "2050"]
[Annotator "Maruéjols"]
[PlyCount "73"]
[EventDate "2004.??.??"]
[EventRounds "9"]

1. d4 Nf6 2. c4 c5 3. d5 e6 4. Nc3 exd5 5. cxd5 d6 6. e4 a6 7. a4 g6 8. Nf3 Bg7
9. Be2 O-O 10. O-O Re8 11. Nd2 Nbd7 12. Qc2 Nf8 $6 {
Les coups théoriques principaux sont 12...Ne5 et 12...Rb8.} 13. Nc4 b6 $4 {
Ne tient pas compte de la menace sur le Pd6.} (13... Qe7 14. Re1 $14 (14. Bf4
$2 Nxe4)) 14. Bf4 $16 Bd7 15. Nxd6 Re7 16. Rfe1 Ne8 17. Nc4 b5 18. axb5 axb5
19. Rxa8 Qxa8 20. Nb6 Qb7 $2 (20... Qa5 {Seul coup pour ne pas perdre le Pb5.}
21. Nxd7 Nxd7 {et le Pb5 n'est pas prenable.} 22. Bxb5 $2 (22. Nxb5 $4 Qxe1+)
22... Bxc3) 21. Nxd7 Nxd7 22. Nxb5 $18 Nef6 23. f3 Qb6 {
Menace de gagner le Nb5 grâce à ...c4+.} 24. Bc7 Qb7 25. Bd6 Re8 26. Ra1 ({
Gagner un troisième pion est possible:} 26. Bxc5 Rc8 27. b4) 26... Rc8 27. Ra7
Qb6 28. Bc4 (28. Bc7 $6 Rxc7 29. Rxc7 c4+ 30. Kf1 Qxb5) 28... Ne8 $6 29. Rxd7
Nxd6 30. Rxd6 Qa5 31. Qc1 Qb4 32. b3 Rb8 (32... Ra8 33. f4 Ra1 $4 34. Rd8+) 33.
h4 Bf8 34. Rd7 Rxb5 35. Qf4 Qe1+ 36. Kh2 Kh8 37. Qf6+ 1-0

[Event "Cht  de  Provence  Individuel"]
[Site "?"]
[Date "2005.??.??"]
[Round "3"]
[White "Manganese, Laurent"]
[Black "Trouilleux, Kevin"]
[Result "0-1"]
[WhiteElo "1999"]
[BlackElo "2127"]
[PlyCount "62"]
[EventDate "2004.??.??"]
[EventRounds "9"]

1. e4 e5 2. Nf3 d6 3. d4 Nf6 4. Nc3 Nbd7 5. dxe5 dxe5 6. Bg5 Be7 7. Bc4 c6 8.
O-O Qc7 9. h3 O-O 10. Qe2 b5 11. Bd3 Nc5 12. Bxf6 Bxf6 13. b4 Ne6 14. a4 Nf4
15. Qe3 bxa4 16. Rxa4 Be7 17. Bc4 Qd6 18. Ne2 Qg6 19. Nxf4 exf4 20. Qxf4 Bxh3
21. Qg3 Qxg3 22. fxg3 Bd7 23. Ne5 Be8 24. Nd3 Bd8 25. Kf2 {(=)} Bb6+ 26. Ke2
Rd8 27. c3 Rd7 28. Raa1 Re7 29. Kf3 Bd7 30. Rfe1 h5 31. Nf4 Bg4# 0-1

[Event "Cht  de  Provence  Individuel"]
[Site "?"]
[Date "2005.??.??"]
[Round "3"]
[White "Deleau, Denis"]
[Black "Saez, Nicolas"]
[Result "1-0"]
[WhiteElo "2091"]
[BlackElo "2023"]
[PlyCount "53"]
[EventDate "2004.??.??"]
[EventRounds "9"]

1. e4 e5 2. Bc4 Nc6 3. Nc3 Nf6 4. d3 Be7 5. f4 d6 6. Nf3 Bg4 7. h3 Bxf3 8. Qxf3
Nd4 9. Qd1 a6 10. a3 b5 11. Ba2 c5 12. O-O Rb8 13. Ne2 Nxe2+ 14. Qxe2 Qc7 15.
Bd2 O-O 16. f5 Rfd8 17. g4 h6 18. h4 Nh7 19. f6 gxf6 20. Bxh6 Bf8 21. Be3 Bg7
22. g5 Kh8 23. Qh5 c4 24. gxf6 Bf8 25. Kh1 Qd7 26. Rf5 d5 27. Rg1 1-0

[Event "Cht  de  Provence  Individuel"]
[Site "?"]
[Date "2005.??.??"]
[Round "4"]
[White "Burkel, Kevin"]
[Black "Saez, Nicolas"]
[Result "1-0"]
[WhiteElo "2061"]
[BlackElo "2023"]
[PlyCount "71"]
[EventDate "2004.??.??"]
[EventRounds "9"]

1. d4 d5 2. c4 e6 3. Nc3 Nf6 4. Bg5 Be7 5. e3 O-O 6. Nf3 b6 7. cxd5 exd5 8. Ne5
Bb7 9. Bd3 Nbd7 10. Nxd7 Qxd7 11. Qf3 Ne4 12. Bxe7 Qxe7 13. O-O Nd2 14. Qh3 h6
15. Rfe1 Ne4 16. Qf5 Rad8 17. Rac1 a6 18. f3 Nf6 19. Bb1 g6 20. Qd3 Qd7 21. b4
Rfe8 22. a4 Qd6 23. b5 a5 24. Ne2 c5 25. dxc5 bxc5 26. Ng3 Re7 27. Red1 d4 28.
Ba2 Bd5 29. Bxd5 Nxd5 30. Ne4 Qb6 31. exd4 Nb4 32. dxc5 Rxd3 33. cxb6 Rb7 34.
Rxd3 Nxd3 35. Rc6 Ne5 36. Nc5 1-0

[Event "Cht  de  Provence  Individuel"]
[Site "?"]
[Date "2005.??.??"]
[Round "4"]
[White "Trouilleux, Kevin"]
[Black "Deleau, Denis"]
[Result "1/2-1/2"]
[WhiteElo "2127"]
[BlackElo "2091"]
[PlyCount "41"]
[EventDate "2004.??.??"]
[EventRounds "9"]

1. e4 e5 2. Nc3 Nf6 3. f4 d5 4. exd5 e4 5. d3 Bb4 6. Bd2 O-O 7. dxe4 Bxc3 8.
Bxc3 Nxe4 9. Nf3 Bg4 10. Be2 Re8 11. O-O Nxc3 12. bxc3 Qe7 13. Bd3 Qe3+ 14. Kh1
Qxf4 {(=)} 15. Rb1 Nd7 16. Rb4 Bxf3 17. Rxf3 Qe5 18. Re4 (18. Rxb7 {Deleau,D}
Nc5 19. Rb1 Na4 20. Qd2 $16) 18... Qxd5 19. Rd4 Qc6 $15 20. Rc4 Qd6 (20... Nc5
$142 $17 {Deleau,D}) 21. Rd4 {(=)} (21. Rd4 {Deleau,D} Qe7 22. Re4 Qc5 23. Rc4
Qa5 24. Rf5 Ne5 25. Qf1 Re7 $19) 1/2-1/2

[Event "Cht  de  Provence  Individuel"]
[Site "?"]
[Date "2005.??.??"]
[Round "4"]
[White "Chauvet, Jean-Marc"]
[Black "Manganese, Laurent"]
[Result "1-0"]
[WhiteElo "2050"]
[BlackElo "1999"]
[PlyCount "37"]
[EventDate "2004.??.??"]
[EventRounds "9"]

1. e4 c5 2. Nf3 e6 3. c3 d5 4. e5 Nc6 5. d4 Qb6 6. Bd3 cxd4 7. cxd4 Bd7 8. Nc3
Nxd4 9. Nxd4 Qxd4 10. O-O Ne7 11. Qe2 Nc6 12. Be3 Qxe5 13. f4 Qb8 14. Nxd5 Bd6
15. Rae1 Ne7 16. Nxe7 Bxe7 17. f5 O-O 18. f6 Bd6 19. Qh5 1-0

[Event "Cht  de  Provence  Individuel"]
[Site "?"]
[Date "2005.??.??"]
[Round "4"]
[White "Jean, Olivier"]
[Black "Maruejols, Claude"]
[Result "1-0"]
[WhiteElo "2187"]
[BlackElo "2046"]
[PlyCount "83"]
[EventDate "2004.??.??"]
[EventRounds "9"]

1. e4 c5 2. Nf3 d6 3. d3 Nc6 4. g3 g6 5. Bg2 Bg7 6. O-O e5 7. c3 Nge7 8. a3 O-O
9. b4 a6 10. Nbd2 h6 11. Bb2 Be6 12. Re1 Qd7 13. Nc4 Rad8 14. Qe2 b5 15. Ne3
Rfe8 16. Qf1 a5 17. bxa5 Nxa5 18. Nc2 Nec6 19. Ne3 Ne7 20. c4 Rb8 21. Bc3 Nb3
22. Ra2 Nc6 23. Rb1 Nbd4 24. Bxd4 exd4 25. Nd5 b4 26. Nd2 Qa7 27. Rba1 bxa3 28.
Rxa3 Qd7 29. f4 Bxd5 30. cxd5 Nb4 31. Nc4 Rb7 32. Qd1 Bf6 33. Bf1 Bd8 34. h4
Bc7 35. h5 Kh7 36. hxg6+ fxg6 37. Kh2 Qg7 38. Ra7 Bb8 39. Ra8 Rf8 40. Bg2 Rd8
41. R1a3 Ra7 42. R3xa7 1-0

[Event "Cht  de  Provence  Individuel"]
[Site "?"]
[Date "2005.??.??"]
[Round "5"]
[White "Metras, Dominique"]
[Black "Burkel, Kevin"]
[Result "0-1"]
[WhiteElo "2045"]
[BlackElo "2061"]
[PlyCount "106"]
[EventDate "2004.??.??"]
[EventRounds "9"]

1. c4 c6 2. d4 d5 3. e3 Nf6 4. Nc3 e6 5. Bd3 c5 6. cxd5 Nxd5 7. Nf3 Nc6 8. Nxd5
Qxd5 9. e4 Qd8 10. dxc5 Bxc5 11. O-O O-O 12. Qe2 e5 13. Be3 Bxe3 14. Qxe3 Qf6
15. h3 Be6 16. Qg5 Nb4 17. Bb1 Qxg5 18. Nxg5 Bc4 19. Re1 Rfd8 20. a3 Nc6 21.
Nf3 f6 22. Ba2 {(=)} Bxa2 23. Rxa2 Nd4 24. b4 Nxf3+ 25. gxf3 Rd3 26. Re3 Rd1+
27. Kg2 Rc8 28. Ree2 Rcc1 29. f4 exf4 30. Red2 g5 31. Rxd1 Rxd1 32. Rc2 Rd7 33.
Kf3 Kf7 34. Ke2 Ke6 35. Rc5 b6 36. Rc8 Kd6 37. Rf8 Ke5 38. f3 Ke6 39. Re8+ Kf7
40. Rh8 Kg6 41. Rg8+ Kh5 42. Rf8 Kh4 43. Rxf6 Kxh3 44. Rh6+ Kg2 45. Rh5 Rg7 46.
e5 g4 47. fxg4 f3+ 48. Ke3 f2 49. Rf5 f1=Q 50. Rxf1 Kxf1 51. Kf4 Kg2 52. e6 Kh3
53. Kf5 Rxg4 0-1